Longest Running West End Musicals - Statistics

General Stats
  • This quiz has been taken 480 times
  • The average score is 8 of 20
Answer Stats
# Answer % Correct
2 The Phantom of the Opera
90%
1 Les Miserables
85%
4 Cats
74%
7 The Lion King
72%
13 Wicked
69%
6 Mamma Mia!
55%
8 Chicago
51%
17 Evita
43%
14 Jesus Christ Superstar
38%
5 Starlight Express
38%
19 Oliver!
37%
12 Miss Saigon
35%
20 Grease
31%
11 Billy Elliot
30%
10 We Will Rock You
28%
16 Jersey Boys
23%
3 Blood Brothers
19%
18 Thriller Live
12%
9 Buddy - the Buddy Holly Story
5%
15 Me and My Girl
5%
No matching quizzes found
Score Distribution
Percent of People with Each Score
Percentile by Number Answered
Your Score History
You have not taken this quiz